Statistiques concernant Pays membres de l'Organisation des États turciques

Cliquez ici pour prendre le quiz!

Statistiques générales

  • Ce quiz a été pris 62 fois
  • Le résultat moyen est 4 sur 5

Réponses sur la Carte

Les réponses sont colorées sur une échelle allant du rouge au vert en fonction du pourcentage des utilisateurs qui les ont devinées à leur premier essai. Vous pouvez retrouver ces pourcentages ci-dessous.
 

Statistiques - réponses

HintHintPays% Correct
460.3130.6 Turquie
98%
487.6125.0 Azerbaïdjan
79%
525122.5 Ouzbékistan
75%
533.0100.0 Kazakhstan
75%
548.0122.0 Kirghizistan
71%

Distribution des résultats

Percentile par nombre de réponses

% des personnes avec chaque résultat

Votre développement - résultats

Vous n’avez pas pris ce quiz